<?xml version="1.0" encoding="UTF-8"?>
<record
    xmlns:xsi="http://www.w3.org/2001/XMLSchema-instance"
    xsi:schemaLocation="http://www.loc.gov/MARC21/slim http://www.loc.gov/standards/marcxml/schema/MARC21slim.xsd"
    xmlns="http://www.loc.gov/MARC21/slim">

  <leader>01481nas a2200289 i 4500</leader>
  <controlfield tag="003">DO-SdBNP</controlfield>
  <controlfield tag="005">20260312150209.0</controlfield>
  <controlfield tag="007">ta</controlfield>
  <controlfield tag="008">260312e2021    dr zn|p|r||||||0| | spa d</controlfield>
  <datafield tag="022" ind1=" " ind2=" ">
    <subfield code="a">2676-0908</subfield>
  </datafield>
  <datafield tag="040" ind1=" " ind2=" ">
    <subfield code="a">DO-SdBNP</subfield>
    <subfield code="b">spa</subfield>
    <subfield code="c">BNPHU</subfield>
    <subfield code="e">rda</subfield>
  </datafield>
  <datafield tag="041" ind1=" " ind2=" ">
    <subfield code="a">spa</subfield>
  </datafield>
  <datafield tag="245" ind1=" " ind2=" ">
    <subfield code="a">Micros : revista de minificci&#xF3;n dominicana y caribe&#xF1;a. </subfield>
  </datafield>
  <datafield tag="264" ind1=" " ind2=" ">
    <subfield code="a">Santo Domingo, Rep&#xFA;blica Dominicana : </subfield>
    <subfield code="b">Letra Erguida, </subfield>
    <subfield code="c">2021.</subfield>
  </datafield>
  <datafield tag="300" ind1=" " ind2=" ">
    <subfield code="a">volumen : </subfield>
    <subfield code="b">ilustraciones, fotograf&#xED;as ; </subfield>
    <subfield code="c">26.5 cm.</subfield>
  </datafield>
  <datafield tag="310" ind1=" " ind2=" ">
    <subfield code="a">Cuatrimestral.</subfield>
  </datafield>
  <datafield tag="336" ind1=" " ind2=" ">
    <subfield code="a">texto</subfield>
    <subfield code="b">txt</subfield>
    <subfield code="2">rdacontent</subfield>
  </datafield>
  <datafield tag="337" ind1=" " ind2=" ">
    <subfield code="a">sin mediaci&#xF3;n </subfield>
    <subfield code="b">n</subfield>
    <subfield code="2">rdamedia</subfield>
  </datafield>
  <datafield tag="338" ind1=" " ind2=" ">
    <subfield code="a">volumen</subfield>
    <subfield code="b">nc</subfield>
    <subfield code="2">rdacarrier</subfield>
  </datafield>
  <datafield tag="362" ind1=" " ind2=" ">
    <subfield code="a">A&#xF1;o 1. No. 1, enero-abril 2021.</subfield>
  </datafield>
  <datafield tag="500" ind1=" " ind2=" ">
    <subfield code="a">Catalogaci&#xF3;n basada en el: A&#xF1;o 1. No. 1, enero-abril 2021.</subfield>
  </datafield>
  <datafield tag="520" ind1=" " ind2=" ">
    <subfield code="a">REVISTA MICROS es una publicaci&#xF3;n para lectores, creadores y estudiosos interesados en la literatura breve y la ficci&#xF3;n gr&#xE1;fica, quienes encuentran en ambas formas narrativas, sustanciales manifestaciones de expresi&#xF3;n creativa.
Editada por el escritor Alexis Pe&#xF1;a para&#x2013;Editorial Letra Erguida, MICROS se dedicada, principalmente, al estudio y la difusi&#xF3;n de textos de la Rep&#xFA;blica Dominicana y el Caribe hispano.</subfield>
  </datafield>
  <datafield tag="650" ind1=" " ind2="0">
    <subfield code="a">Microcuentos</subfield>
    <subfield code="v">Publicaciones peri&#xF3;dicas </subfield>
    <subfield code="z">Rep&#xFA;blica Dominicana</subfield>
    <subfield code="9">89202</subfield>
  </datafield>
  <datafield tag="650" ind1=" " ind2="0">
    <subfield code="a">Humorismo gr&#xE1;fico dominicano</subfield>
    <subfield code="9">62038</subfield>
    <subfield code="v">Publicaciones peri&#xF3;dicas </subfield>
  </datafield>
  <datafield tag="650" ind1=" " ind2="0">
    <subfield code="a">C&#xF3;mics</subfield>
    <subfield code="9">89203</subfield>
    <subfield code="v">Publicaciones peri&#xF3;dicas </subfield>
    <subfield code="z">Rep&#xFA;blica Dominicana</subfield>
  </datafield>
  <datafield tag="942" ind1=" " ind2=" ">
    <subfield code="2">ddc</subfield>
    <subfield code="c">ISSUE</subfield>
  </datafield>
  <datafield tag="952" ind1=" " ind2=" ">
    <subfield code="0">0</subfield>
    <subfield code="1">0</subfield>
    <subfield code="2">ddc</subfield>
    <subfield code="4">0</subfield>
    <subfield code="5">6</subfield>
    <subfield code="7">0</subfield>
    <subfield code="8">SE</subfield>
    <subfield code="a">BNPHU</subfield>
    <subfield code="b">BNPHU</subfield>
    <subfield code="d">2026-03-12</subfield>
    <subfield code="h">A&#xF1;o 1. No.1, enero-abril 2021</subfield>
    <subfield code="l">0</subfield>
    <subfield code="p">2026-2132</subfield>
    <subfield code="r">2026-03-12</subfield>
    <subfield code="t">e.1</subfield>
    <subfield code="w">2026-03-12</subfield>
    <subfield code="y">ISSUE</subfield>
    <subfield code="z">Donado: Editorial Letra Gr&#xE1;fica.</subfield>
  </datafield>
  <datafield tag="952" ind1=" " ind2=" ">
    <subfield code="0">0</subfield>
    <subfield code="1">0</subfield>
    <subfield code="2">ddc</subfield>
    <subfield code="4">0</subfield>
    <subfield code="5">6</subfield>
    <subfield code="7">0</subfield>
    <subfield code="8">SE</subfield>
    <subfield code="a">BNPHU</subfield>
    <subfield code="b">BNPHU</subfield>
    <subfield code="d">2026-03-12</subfield>
    <subfield code="h">A&#xF1;o 1. No.1, enero-abril 2021</subfield>
    <subfield code="l">0</subfield>
    <subfield code="p">2026-2133</subfield>
    <subfield code="r">2026-03-12</subfield>
    <subfield code="t">e.2</subfield>
    <subfield code="w">2026-03-12</subfield>
    <subfield code="y">ISSUE</subfield>
    <subfield code="z">Donado: Editorial Letra Gr&#xE1;fica.</subfield>
  </datafield>
  <datafield tag="952" ind1=" " ind2=" ">
    <subfield code="0">0</subfield>
    <subfield code="1">0</subfield>
    <subfield code="2">ddc</subfield>
    <subfield code="4">0</subfield>
    <subfield code="5">6</subfield>
    <subfield code="7">0</subfield>
    <subfield code="8">SE</subfield>
    <subfield code="a">BNPHU</subfield>
    <subfield code="b">BNPHU</subfield>
    <subfield code="d">2026-03-12</subfield>
    <subfield code="h">A&#xF1;o 1. No.1, enero-abril 2021</subfield>
    <subfield code="l">0</subfield>
    <subfield code="p">2026-2134</subfield>
    <subfield code="r">2026-03-12</subfield>
    <subfield code="t">e.3</subfield>
    <subfield code="w">2026-03-12</subfield>
    <subfield code="y">ISSUE</subfield>
    <subfield code="z">Donado: Editorial Letra Gr&#xE1;fica.</subfield>
  </datafield>
  <datafield tag="999" ind1=" " ind2=" ">
    <subfield code="c">60498</subfield>
    <subfield code="d">60498</subfield>
  </datafield>
</record>
